书目信息 |
| 题名: |
高等数学(二)
|
|
| 作者: | 朱永银 , 郭文秀 主编 | |
| 分册: | ||
| 出版信息: | 武汉 华中工学院出版社 2002.01 |
|
| 页数: | 210页 | |
| 开本: | 26cm | |
| 丛书名: | ||
| 单 册: | ||
| 中图分类: | O13 | |
| 科图分类: | ||
| 主题词: | 高等数学 | |
| 电子资源: | ||
| ISBN: | 7-5609-2634-7 | |
| 000 | 00595nam0 2200205 45 | |
| 001 | 0435357016 | |
| 005 | 2004042209491669 | |
| 010 | @a7-5609-2634-7@dCNY 19.80 | |
| 100 | @a20040422d2002 km y0chiy0120 ea | |
| 101 | 0 | @achi |
| 102 | @aCN@b420000 | |
| 200 | 1 | @a高等数学(二)@AGao Deng Shu Xue(Er)@f朱永银,郭文秀主编@FZhu Yong Yin,Guo Wen Xiu Zhu Bian |
| 210 | @a武汉@c华中工学院出版社@d2002.01 | |
| 215 | @a210页@d26cm | |
| 606 | 0 | @a高等数学 |
| 690 | @aO13@v3 | |
| 701 | 0 | @a朱永银@AZhu Yong Yin@4主编 |
| 701 | 0 | @a郭文秀@AGuo Wen Xiu@4主编 |
| 801 | 0 | @aCN@bPFT@c20040422 |
| 905 | @dO13@eZ898:2 | |
| 高等数学(二)/朱永银,郭文秀主编.-武汉:华中工学院出版社,2002.01 |
| 210页;26cm |
| ISBN 7-5609-2634-7:CNY 19.80 |
| ● |
| 相关链接 |
|
|
|
正题名:高等数学(二)
索取号:O13/Z898:2
 
预约/预借
| 序号 | 登录号 | 条形码 | 馆藏地/架位号 | 状态 | 备注 |
| 1 | 379805 | 203798051 | 自科库401/401自科库 108排2列2层/ [索取号:O13/Z898:2] | 在馆 | |
| 2 | 379806 | 203798060 | 自科库401/401自科库 108排2列2层/ [索取号:O13/Z898:2] | 在馆 | |
| 3 | 379807 | 203798079 | 自科库401/401自科库 108排2列2层/ [索取号:O13/Z898:2] | 在馆 |